000 01090cam a2200265 a 4500
001 15640743
005 20170105102351.0
008 090227s2009 maua b 001 0 eng
010 _a 2009008615
020 _a9780262013192 (hardcover : alk. paper)
040 _aDLC
_cDLC
_dDLC
082 0 0 _a519.5420285
_222
100 1 _aKoller, Daphne.
245 1 0 _aProbabilistic graphical models : principles and techniques
_bprinciples and techniques
_cDaphne Koller and Nir Friedman.
260 _aCambridge, MA :
_bMIT Press,
_cc2009.
300 _axxi, 1231 p. :
_bill. ;
_c24 cm.
490 0 _aAdaptive computation and machine learning
504 _aIncludes bibliographical references (p. [1171]-1207) and indexes.
650 0 _aGraphical modeling (Statistics)
650 0 _aBayesian statistical decision theory
_xGraphic methods.
700 1 _aFriedman, Nir.
906 _a7
_bcbc
_corignew
_d1
_eecip
_f20
_gy-gencatlg
942 _2ddc
_cBK
999 _c11954
_d11954